| 000 | 00623nam a22001817a 4500 | ||
|---|---|---|---|
| 005 | 20251108165249.0 | ||
| 008 | 250721s1974 xx 000 0 ara d | ||
| 082 | 1 | 4 | _a956.404/عقد |
| 100 | 1 |
_aخدوري، مجدي _eتحرير |
|
| 245 | 1 | 0 |
_aعقدة النزاع العربي الإسرائيلي : _bآراء مشاهير الكتاب الغربيين / |
| 264 | 1 |
_aبيروت : _bالدار المتحدة للنشر، _c1974. |
|
| 300 | _a256ص | ||
| 650 | 1 | 7 | _aفلسطين |
| 650 | 1 | 7 | _aإسرائيل |
| 650 | 1 | 7 | _aالحرب العربيه الإسرائيليه 1967 |
| 942 |
_2ddc _cBK |
||
| 999 |
_c23575 _d23575 |
||